Mc̕ire adgilebi, vrc̕eli sakit̕xebi (Titelsatznr. 73984)
[ MARC ]
| 000 -Satzkennung | |
|---|---|
| Kontrollfeld mit fester Länge | 01117nam a22002893u 4500 |
| 001 - Kontrollnummer | |
| Kontrollfeld | DHIM2026032314310039 |
| 003 - Kontrollnummer Identifier | |
| Kontrollfeld | RU-10907106 |
| 005 - Datum und Zeit der letzten Transaktion | |
| Kontrollfeld | 20260323144433.0 |
| 007 - Feld mit fester Länge zur physischen Beschreibung - Allgemeine Information | |
| Kontrollfeld mit fester Länge | tu |
| 008 - Feld mit fester Länge zur physischen Beschreibung - Allgemeine Angaben | |
| Kontrollfeld mit fester Länge | 260323s2018 gau ||| ||| 000 0 geo d |
| 020 ## - Internationale Standardbuchnummer | |
| Verknüpfung | 978-9941-16-558-0 |
| Internationale Standardbuchnummer | 9789941165580 |
| 040 ## - Katalogisierungsquelle | |
| Original-Katalogisierungsstelle | RU-10907106 |
| Katalogisierungssprache | ger |
| Übertragungsstelle | RU-10907106 |
| 041 ## - Sprachcode | |
| Sprachcode des Textes/der Tonspur oder des separaten Titels | geo |
| 100 1# - Haupteintragung - Personenname | |
| Funktionsbezeichnungscode | aut |
| Personenname | erik̕sen hiland, t̕omas |
| Koha-Normdatenidentnummer | 68922 |
| 245 #0 - Titel | |
| Titel | Mc̕ire adgilebi, vrc̕eli sakit̕xebi |
| Zusatz zum Titel | Šesavali soc̕alur da kulturul ant̕opologiaši |
| 264 #1 - Produktion, Veröffentlichung, Distribution, Herstellung und Urheberrechtsvermerk | |
| Herstellungs-, Veröffentlichungs- Vertriebs-, Erzeugungsort | Tbilisi |
| Produzent, Herausgeber, Distributor, Hersteller | Sak̕art̕velos mac̕ne |
| Datum der Herstellung, der Veröffentlichung, des Vertriebs oder des Urheberschutzvermerks | 2018 |
| 300 ## - Physische Beschreibung | |
| Umfang | 434 Seiten |
| 336 ## - Inhaltstyp | |
| Quelle | rdacontent |
| Inhaltstypterm | Text |
| Inhaltstypcode | txt |
| 337 ## - Medientyp | |
| Quelle | rdamedia |
| Bezeichnung des Medientyps | Ohne Hilfsmittel zu benutzen |
| Medientypcode | n |
| 338 ## - Datenträgertyp | |
| Quelle | rdacarrier |
| Datenträgertypbezeichnung | Band |
| Datenträgertypcode | nc |
| 500 ## - Allgemeine Fußnote | |
| Allgemeine Fußnote | Der Titel erschien erstmals 1995 unter dem Titel "Small Places, Large Issues: An Introduction to Social and Cultural Anthropology" von Thomas Hylland Eriksen. Es handelt sich um die georgische Übersetzung der vierten Ausgabe. |
| 650 ## - Nebeneintragung unter einem Schlagwort - Sachschlagwort | |
| Sachschlagwort oder geografischer Name als Eintragungselement | Anthropologie |
| Koha-Normdatenidentnummer | 1659 |
| 650 ## - Nebeneintragung unter einem Schlagwort - Sachschlagwort | |
| Sachschlagwort oder geografischer Name als Eintragungselement | Feldforschung |
| Koha-Normdatenidentnummer | 2405 |
| 650 ## - Nebeneintragung unter einem Schlagwort - Sachschlagwort | |
| Sachschlagwort oder geografischer Name als Eintragungselement | Einführung |
| Koha-Normdatenidentnummer | 27100 |
| 650 ## - Nebeneintragung unter einem Schlagwort - Sachschlagwort | |
| Sachschlagwort oder geografischer Name als Eintragungselement | Kulturanthropologie |
| Koha-Normdatenidentnummer | 5368 |
| 942 ## - Zusätzliche Felder (Koha) | |
| Klassifikation oder Aufstellungssystematik | Andere/Generische Klassifikation |
| Koha-Medientyp | Monographien |
| Ausgeschieden | Verloren | Klassifikation oder Aufstellungssystematik | Beschädigt | Nicht entleihbar | Heimatbibliothek | Aufenthaltsbibliothek | Erwerbungsdatum | Inventarnummer | Signatur | Barcode | Letzte Aktivität | Preis gültig von | Koha-Medientyp |
|---|---|---|---|---|---|---|---|---|---|---|---|---|---|
| Andere/Generische Klassifikation | MWN Osteuropa | MWS-Büro Georgien | 23/03/2026 | 26-00161 | G 40 bW Eri 2 | 76918 | 23/03/2026 | 23/03/2026 | Monographien |